000 00944nam a22002657a 4500
001 7029
003 FISKH
005 20250619093826.0
008 250619b cb ||||| |||| 00| 0 eng d
020 _a9780689851438
040 _aFISKH
_beng
_cFISKH
_dFISKH
050 _aGT4975 .A53
082 _a394.2649
100 _aAnderson, Laurie Halse
245 _aThank you, Sarah :
_bThe woman who saved thanksgiving /
_cby Laurie Halse Anderson ; Illustrated by Matt Faulkner
260 _aNew York :
_bAladdin Paperback,
_c2002.
300 _a40 unnumbered pages :
_bcolor illustrations ;
_c22 x 28 cm
505 _aO
520 _aRelates how Sarah Hale, a magazine editor and author, persuaded President Lincoln to transform Thanksgiving Day into a national holiday.
521 8 _a600
_bLexile AD
521 8 _aO
_bRaz-Plus
650 _aBiography
_vAmerican history
_xDetermination
942 _2ddc
_cBK
_n0
999 _c7029
_d7029